000 00700cam a22002411 4500
001 sa 68013912
003 DLC
005 20260227112627.0
008 890601s1967 xx 000 0 beno
010 _asa 68013912
035 _a(OCoLC)23566594
040 _aDLC
_cMiU
_dDLC
042 _apremarc
050 0 0 _aQD5
_b.C37
110 2 _aCentral Board for Development of Bengali (East Pakistan, Pakistan)
245 1 0 _aRasāẏana-paribhāshā-kosha.
_bTerminology of chemistry.
260 _c[1967]
300 _a3, 63 p.
_c25 cm.
500 _aRomanized.
650 0 _aChemistry
_vDictionaries.
650 0 _aEnglish language
_xDictionaries
_xBengali.
740 0 _aTerminology of chemistry.
999 _c85438
_d85438